000 01379cam a2200205 4500
001 ABS66490
008 030327n2003 000 0 eng u
035 _a(Sirsi) u121763
245 _aBallast plc v The Burrell Company (Construction Management) Ltd
260 _c2003
520 _aSIH 17 December 2002. An adjudicator had erred in law by failing to determine a dispute between the parties arising out of a Standard JCT MC 1998. The adjudicator had been asked to determine the dispute in the notice of dispute, however he had considered that his powers were limited to considering the strict contractual terms between the parties. He was obliged to consider the 'whole dispute' and had failed to do so, and had therefore misconstrued what he was being asked to do. Adjudication held to be null and void. See also (SOH WB3738-01). View judgment at http://www.scotcourts.gov.uk
590 _aABS
650 _aBALLAST PLC V THE BURRELL COMPANY (CONSTRUCTION MANAGEMENT) LTD
650 _aHOUSING GRANTS, CONSTRUCTION AND REGENERATION ACT 1996 S108
650 _aSCHEME FOR CONSTRUCTION CONTRACTS (SCOTLAND) REGULATIONS 1998
650 _aMANAGEMENT-DISPUTE AVOIDANCE, MANAGEMENT AND RESOLUTION-DISPUTE MANAGEMENT AND RESOLUTION-ALTERNATIVE DISPUTE RESOLUTION-ADJUDICATION
650 _aNOTICE OF DISPUTE
690 _aBUILDING AND CONSTRUCTION-CASE LAW
942 _n0
999 _c72367
_d72367